000 00399nam a2200157 i 4500
001 bg
100 1 _aEPSTEJN, G. N.
245 0 _aVysokoskorostnaja deformacija i struktura metallov /
_cG.N. Epstejn, O.A. Kajbysev.
260 _aMoskva,
_c1971.
700 1 _aKAJBYSEV, O. A.
040 _cBPK
041 _apol
080 _a539.374
942 _cKS
008 s pl f |000 0 pol
999 _c14106
_d14106
856 _uhttp://koha.tu.koszalin.pl/cgi-bin/koha/opac-detail.pl?biblionumber=14106
_yKatalog online BPK